| 000 | 00000nam 2200000za 4500 |
| 001 | 9.631594 |
| 003 | CaOODSP |
| 005 | 20210624214412 |
| 007 | cr ||||||||||| |
| 008 | 150407s2004 onc|||||o f|0| 0 fre d |
| 020 | |a0-662-77833-2 |
| 040 | |aCaOODSP|bfre |
| 043 | |an-cn--- |
| 086 | 1 |aJU11-4/2004F-PDF |
| 110 | 2 |aConseil canadien de la magistrature. |
| 245 | 10|aPrincipes de déontologie judiciaire |h[ressource électronique]. |
| 260 | |aOttawa : |bConseil canadien de la magistrature, |c2004. |
| 300 | |a64 p. |
| 590 | |a07-06-Supp|b2007-11-30 |
| 691 | 07|aJuge|2gcpds |
| 691 | 07|aÉthique|2gcpds |
| 775 | 08|tEthical principles for judges |w(CaOODSP)9.687133 |
| 795 | |tPrincipes de déontologie judiciaire |w(CaOODSP)9.639576 |
| 856 | 40|ahttp://publications.gc.ca|qPDF|s268 Ko|uhttps://publications.gc.ca/collections/collection_2007/cjc-ccm/JU11-4-2004F.pdf |